[Event "Scarborough CC-ch Reserves"]
[Site "Toronto"]
[Date "2012.04.19"]
[Round "5"]
[White "Liang, Phillip"]
[Black "Moran Venegas, Mario"]
[Result "0-1"]
[WhiteElo "1584"]
[BlackElo "1807"]
[PlyCount "80"]
[EventDate "2012.03.22"]
[EventType "swiss"]
[EventRounds "9"]
[EventCountry "CAN"]
[SourceTitle "EXT 2022"]
[Source "ChessBase"]
[SourceDate "2021.10.06"]
[SourceVersion "1"]
[SourceVersionDate "2021.10.06"]
[SourceQuality "1"]

1. e4 c5 2. Nc3 Nc6 3. f4 d6 4. Nf3 g6 5. a3 Bg7 6. Bc4 Nf6 7. 0-0 0-0 8. d3 Bg4 9. Ne2 d5 10. exd5 Nxd5 11. Qe1 b6 12. Qh4 Bxf3 13. Rxf3 Nd4 14. Nxd4 Bxd4+ 15. Kh1 Bf6 16. Qg3 e6 17. c3 Ne7 18. Be3 Nf5 19. Qe1 Nxe3 20. Qxe3 Qc7 21. Raf1 Rad8 22. Rh3 Bg7 23. Qf3 Rd6 24. g4 Rfd8 25. f5 exf5 26. gxf5 Rf6 27. Qe4 Qd7 28. Rhf3 b5 29. fxg6 Rxf3 30. gxf7+ Kf8 31. Rxf3 bxc4 32. Qxh7 Qg4 33. Qg8+ Ke7 34. f8Q+ Rxf8 35. Re3+ Kd6 36. Re6+ Qxe6 37. Qxg7 Rf1+ 38. Kg2 Qe2+ 39. Kh3 Qh5+ 40. Kg2 Qf3# 0-1

[Event "Scarborough CC Winter End U1800"]
[Site "Toronto"]
[Date "2012.03.15"]
[Round "5"]
[White "Liang, Phillip"]
[Black "Mahendran, Sujeev"]
[Result "1-0"]
[WhiteElo "1532"]
[BlackElo "1625"]
[PlyCount "83"]
[EventDate "2012.02.16"]
[EventType "swiss"]
[EventRounds "5"]
[EventCountry "CAN"]
[SourceTitle "EXT 2022"]
[Source "ChessBase"]
[SourceDate "2021.10.06"]
[SourceVersion "1"]
[SourceVersionDate "2021.10.06"]
[SourceQuality "1"]

1. c4 Nf6 2. Nf3 e6 3. g3 Bc5 4. Nc3 a6 5. d4 Ba7 6. Bg2 c6 7. Bf4 d5 8. c5 b6 9. b4 Nbd7 10. 0-0 0-0 11. Qd3 Bb8 12. Bxb8 Rxb8 13. Rab1 b5 14. Rfc1 Re8 15. e4 e5 16. dxe5 Nxe5 17. Nxe5 Rxe5 18. Qd4 Re7 19. exd5 cxd5 20. Nxd5 Nxd5 21. Qxd5 Qxd5 22. Bxd5 Be6 23. Re1 Kf8 24. Bxe6 fxe6 25. Rbd1 Kf7 26. Rd6 Ra8 27. Kg2 a5 28. a3 axb4 29. axb4 Ra4 30. Re4 Rc7 31. Rb6 g5 32. Rxb5 h5 33. h4 g4 34. Re5 Rd7 35. c6 Rd2 36. Rb7+ Kf6 37. c7 Rc2 38. Rc5 Raa2 39. Rxc2 Rxc2 40. b5 e5 41. Rb6+ Ke7 42. Rc6 1-0

[Event "Scarborough CC Winter End U1800"]
[Site "Toronto"]
[Date "2012.03.01"]
[Round "3"]
[White "Kurkowski, Ken"]
[Black "Liang, Phillip"]
[Result "0-1"]
[WhiteElo "1598"]
[BlackElo "1532"]
[PlyCount "110"]
[EventDate "2012.02.16"]
[EventType "swiss"]
[EventRounds "5"]
[EventCountry "CAN"]
[SourceTitle "EXT 2022"]
[Source "ChessBase"]
[SourceDate "2021.10.06"]
[SourceVersion "1"]
[SourceVersionDate "2021.10.06"]
[SourceQuality "1"]

1. d4 e6 2. c4 Bb4+ 3. Nc3 Nc6 4. Nf3 d6 5. e4 e5 6. d5 Bxc3+ 7. bxc3 Nce7 8. Be2 f5 9. Bd3 fxe4 10. Bxe4 Nf6 11. Nd2 Nxe4 12. Nxe4 0-0 13. 0-0 Bf5 14. Qe2 b6 15. a4 a5 16. Bg5 Qe8 17. Bxe7 Qxe7 18. f3 Bg6 19. Qe3 h6 20. Ra2 Rf7 21. Raf2 Qd7 22. Ra2 Raf8 23. Raa1 Bxe4 24. Qxe4 Rf4 25. Qe2 Qf5 26. Rae1 Qc8 27. g3 R4f6 28. Qe4 Qe8 29. Ra1 Qg6 30. Qxg6 Rxg6 31. Rae1 Rgf6 32. Kg2 g5 33. Re4 Kh7 34. h3 h5 35. g4 h4 36. Rf2 Kg6 37. Rf1 Rf4 38. Rf2 Kf7 39. Rf1 Ke7 40. Rf2 Kd7 41. Rf1 c6 42. dxc6+ Kxc6 43. Rxf4 Rxf4 44. Rb1 Rxc4 45. Rb3 Rxa4 46. Kf2 Kc5 47. Ke3 d5 48. Kd3 Rf4 49. Ke3 b5 50. Ra3 a4 51. Ra2 Kc4 52. Ra3 d4+ 53. cxd4 exd4+ 54. Kd2 Kb4 55. Rd3 a3 0-1

[Event "Scarborough CC Frost U1800"]
[Site "Toronto"]
[Date "2012.02.09"]
[Round "6"]
[White "Liang, Phillip"]
[Black "Xu, Jeffrey"]
[Result "0-1"]
[WhiteElo "1524"]
[BlackElo "1449"]
[PlyCount "126"]
[EventDate "2012.01.05"]
[EventType "swiss"]
[EventRounds "6"]
[EventCountry "CAN"]
[SourceTitle "EXT 2022"]
[Source "ChessBase"]
[SourceDate "2021.10.06"]
[SourceVersion "1"]
[SourceVersionDate "2021.10.06"]
[SourceQuality "1"]

1. c4 Nf6 2. Nc3 e6 3. g3 Be7 4. Bg2 0-0 5. d3 d6 6. Nf3 Nbd7 7. 0-0 c5 8. a3 a6 9. Rb1 Qc7 10. Nd2 Rb8 11. Nce4 Nxe4 12. Nxe4 Nf6 13. b4 cxb4 14. axb4 Nxe4 15. Bxe4 f5 16. Bg2 Bd7 17. h4 Bc6 18. Bxc6 Qxc6 19. Be3 h6 20. b5 axb5 21. cxb5 Qd7 22. Qb3 Kh7 23. Rfc1 Rfc8 24. Qd1 Rxc1 25. Bxc1 Rc8 26. Be3 d5 27. Qa4 Bc5 28. Bxc5 Rxc5 29. d4 Rc4 30. Rb4 Qc7 31. Rxc4 dxc4 32. Kf1 c3 33. Qc2 Qc4 34. Ke1 Qxd4 35. e3 Qc4 36. f3 Qc5 37. Qc1 Qb4 38. Kd1 Qxb5 39. Qxc3 Qf1+ 40. Kd2 Qxf3 41. Qe5 Qd5+ 42. Qxd5 exd5 43. Kd3 b5 44. Kc3 Kg6 45. Kb4 Kh5 46. Kxb5 Kg4 47. Kc5 Kxg3 48. Kxd5 Kxh4 49. Ke5 Kg5 50. e4 fxe4 51. Kxe4 Kg4 52. Ke3 g5 53. Kf2 Kh3 54. Kg1 Kg3 55. Kh1 Kf2 56. Kh2 g4 57. Kh1 h5 58. Kh2 g3+ 59. Kh3 g2 60. Kh4 g1Q 61. Kxh5 Qg7 62. Kh4 Qg6 63. Kh3 Qh5# 0-1

[Event "Scarborough CC Falling Leaves U1800"]
[Site "Toronto"]
[Date "2011.12.15"]
[Round "7"]
[White "Yie, Kevin Yi Xiao"]
[Black "Liang, Phillip"]
[Result "1-0"]
[WhiteElo "1463"]
[BlackElo "1443"]
[PlyCount "120"]
[EventDate "2011.11.03"]
[EventType "swiss"]
[EventRounds "7"]
[EventCountry "CAN"]
[SourceTitle "EXT 2022"]
[Source "ChessBase"]
[SourceDate "2021.10.06"]
[SourceVersion "1"]
[SourceVersionDate "2021.10.06"]
[SourceQuality "1"]

1. d4 d5 2. c4 c6 3. e3 Nf6 4. Nc3 e6 5. Bd3 Nbd7 6. Nge2 Bd6 7. 0-0 0-0 8. b3 e5 9. cxd5 cxd5 10. dxe5 Nxe5 11. Nb5 Bb8 12. Nbd4 Be6 13. Ba3 Bd6 14. Bxd6 Qxd6 15. Ng3 Nxd3 16. Qxd3 Rac8 17. Rac1 Qd7 18. Qb5 a6 19. Qxd7 Nxd7 20. Nge2 Nc5 21. Nf4 a5 22. Rfd1 Rfd8 23. Rxc5 Rxc5 24. Ndxe6 fxe6 25. Nxe6 Rdc8 26. Nxc5 Rxc5 27. Kf1 Kf7 28. Ke2 Ke6 29. Rd2 g6 30. h4 h5 31. g3 b5 32. Kf3 b4 33. Kf4 Kf6 34. Kf3 Ke5 35. Ke2 Rc3 36. Rb2 Rc6 37. Rd2 Rc3 38. Rb2 Rc1 39. Kd3 Rc3+ 40. Kd2 d4 41. exd4+ Kxd4 42. Rc2 Rd3+ 43. Ke2 Rc3 44. Rb2 Rd3 45. Rd2 Rxd2+ 46. Kxd2 Ke4 47. Ke2 Kd4 48. f3 Kc3 49. g4 Kb2 50. gxh5 gxh5 51. f4 Kxa2 52. f5 Kxb3 53. f6 Ka2 54. f7 b3 55. f8Q b2 56. Qf7+ Ka3 57. Qf3+ Ka2 58. Qd5+ Ka1 59. Qxa5+ Kb1 60. Ke1 Kc1 1-0

[Event "Scarborough CC Howard Ridout U1800"]
[Site "Toronto"]
[Date "2011.10.27"]
[Round "6"]
[White "Liang, Phillip"]
[Black "Zhong, Joey"]
[Result "1-0"]
[WhiteElo "1376"]
[BlackElo "1313"]
[PlyCount "45"]
[EventDate "2011.09.08"]
[EventType "swiss"]
[EventRounds "6"]
[EventCountry "CAN"]
[SourceTitle "EXT 2022"]
[Source "ChessBase"]
[SourceDate "2021.10.06"]
[SourceVersion "1"]
[SourceVersionDate "2021.10.06"]
[SourceQuality "1"]

1. c4 Nf6 2. Nc3 e6 3. g3 d5 4. d4 c6 5. c5 Nbd7 6. Nf3 b6 7. cxb6 Qxb6 8. Bg2 c5 9. 0-0 cxd4 10. Nxd4 Bc5 11. Nb3 Bb7 12. Na4 Qc6 13. Naxc5 Nxc5 14. Be3 Nxb3 15. Qxb3 Qd7 16. Rac1 0-0 17. Rfd1 Ba6 18. Bf3 Bc4 19. Qa3 Qb5 20. Rc2 Qe8 21. Bc5 Nd7 22. Bxf8 Nxf8 23. e4 1-0

[Event "Scarborough CC Howard Ridout U1800"]
[Site "Toronto"]
[Date "2011.09.29"]
[Round "3"]
[White "Liang, Phillip"]
[Black "Guo, Thomas"]
[Result "1-0"]
[WhiteElo "1376"]
[BlackElo "993"]
[PlyCount "85"]
[EventDate "2011.09.08"]
[EventType "swiss"]
[EventRounds "6"]
[EventCountry "CAN"]
[SourceTitle "EXT 2022"]
[Source "ChessBase"]
[SourceDate "2021.10.06"]
[SourceVersion "1"]
[SourceVersionDate "2021.10.06"]
[SourceQuality "1"]

1. e4 e5 2. Nf3 Nc6 3. Bb5 Bc5 4. 0-0 d6 5. h3 Nge7 6. c3 a6 7. Ba4 0-0 8. d4 exd4 9. cxd4 Bb6 10. Nc3 Bd7 11. Bc2 Ng6 12. a3 Nce7 13. Be3 Rc8 14. Bb3 c5 15. Nd5 Bb5 16. Re1 Nxd5 17. Bxd5 Qd7 18. Ng5 Ba5 19. b4 cxb4 20. Qh5 Rfd8 21. Bxf7+ Kf8 22. Qxh7 Ke7 23. Qxg7 d5 24. Be6+ Kd6 25. Bxd7 Rg8 26. e5+ Kc7 27. Rec1+ Kb6 28. Qf6+ Rc6 29. Bxc6 Bxc6 30. Qf7 Rc8 31. axb4 Bxb4 32. Qxg6 Ka7 33. Ne6 Be8 34. Qd3 Bd7 35. Rxc8 Bxc8 36. Qb5 Bc3 37. Qc5+ Kb8 38. Qxc3 Bxe6 39. Bg5 Bd7 40. Bd8 Ka7 41. Qc5+ Ka8 42. Bb6 Bc6 43. Qf8+ 1-0

[Event "Scarborough CC Howard Ridout U1800"]
[Site "Toronto"]
[Date "2011.09.15"]
[Round "2"]
[White "Guo, Tan"]
[Black "Liang, Phillip"]
[Result "1-0"]
[WhiteElo "1547"]
[BlackElo "1376"]
[PlyCount "59"]
[EventDate "2011.09.08"]
[EventType "swiss"]
[EventRounds "6"]
[EventCountry "CAN"]
[SourceTitle "EXT 2022"]
[Source "ChessBase"]
[SourceDate "2021.10.06"]
[SourceVersion "1"]
[SourceVersionDate "2021.10.06"]
[SourceQuality "1"]

1. e4 c5 2. Nf3 Nf6 3. Nc3 d6 4. d4 cxd4 5. Nxd4 Nc6 6. Be2 e6 7. 0-0 a6 8. Nb3 Be7 9. Be3 b5 10. a3 Qc7 11. Qd2 Bb7 12. f4 0-0 13. Bf3 Rfd8 14. Rad1 Rac8 15. Qf2 Rd7 16. Kh1 Qb8 17. Rd2 Bd8 18. Rfd1 Na5 19. Ba7 Qa8 20. Nxa5 Bxa5 21. Rxd6 Rxd6 22. Rxd6 Bxc3 23. bxc3 Nxe4 24. Bxe4 Bxe4 25. Bb6 Kf8 26. Qd2 Ke7 27. Rd7+ Ke8 28. Qd6 Bxg2+ 29. Kg1 Qb8 30. Qe7# 1-0

[Event "Scarborough CC Spring Into Summer U1700"]
[Site "Toronto"]
[Date "2011.06.09"]
[Round "6"]
[White "Azizi, Hamid"]
[Black "Liang, Phillip"]
[Result "0-1"]
[WhiteElo "1388"]
[BlackElo "1284"]
[PlyCount "100"]
[EventDate "2011.04.28"]
[EventType "swiss"]
[EventRounds "9"]
[EventCountry "CAN"]
[SourceTitle "EXT 2022"]
[Source "ChessBase"]
[SourceDate "2021.10.06"]
[SourceVersion "1"]
[SourceVersionDate "2021.10.06"]
[SourceQuality "1"]

1. d3 e5 2. c3 d5 3. e3 Nf6 4. f3 c5 5. Ne2 Nc6 6. Ng3 d4 7. e4 Be6 8. Be2 Be7 9. 0-0 b5 10. Bd2 0-0 11. f4 exf4 12. Bxf4 Qd7 13. Nd2 Rfd8 14. Nf3 h6 15. Qc1 Bg4 16. Ne5 Nxe5 17. Bxe5 Bxe2 18. Nxe2 dxc3 19. Rd1 cxb2 20. Qxb2 a6 21. h3 Rac8 22. Nf4 Rc6 23. Rd2 c4 24. Rad1 Qc8 25. Bc3 cxd3 26. Rxd3 Rxd3 27. Rxd3 Nxe4 28. Bxg7 Bg5 29. Ne2 f6 30. Qd4 Nc5 31. Rg3 Ne6 32. Qd5 Rc5 33. Qb3 Rc4 34. Bxf6 Kf7 35. Bh8 Qxh8 36. Qf3+ Ke7 37. Qb7+ Rc7 38. Qxa6 Qa1+ 39. Kh2 Qe5 40. Qa3+ Kd7 41. Qd3+ Kc8 42. Kh1 Nf4 43. Qa3 Nxe2 44. Qa8+ Kd7 45. Rd3+ Ke7 46. Qa3+ Ke6 47. Qa6+ Kf7 48. Rf3+ Kg7 49. Qa3 Qa1+ 50. Kh2 Qg1# 0-1

[Event "Scarborough CC Spring Into Summer U1700"]
[Site "Toronto"]
[Date "2011.05.19"]
[Round "3"]
[White "Liang, Phillip"]
[Black "Wu, Mark"]
[Result "1-0"]
[WhiteElo "1284"]
[BlackElo "1052"]
[PlyCount "67"]
[EventDate "2011.04.28"]
[EventType "swiss"]
[EventRounds "9"]
[EventCountry "CAN"]
[SourceTitle "EXT 2022"]
[Source "ChessBase"]
[SourceDate "2021.10.06"]
[SourceVersion "1"]
[SourceVersionDate "2021.10.06"]
[SourceQuality "1"]

1. e4 e5 2. Nf3 Nc6 3. Bc4 Bc5 4. c3 Nf6 5. d4 exd4 6. cxd4 Bb6 7. e5 Ne4 8. Bd5 f5 9. 0-0 d6 10. Bxc6+ bxc6 11. Qa4 Bb7 12. Be3 Qd7 13. Qc4 d5 14. Qc2 0-0-0 15. Nc3 c5 16. Rfd1 c4 17. Rac1 Kb8 18. b3 cxb3 19. axb3 h6 20. Na4 Ba5 21. b4 Bxb4 22. e6 Qd6 23. Ne5 Rhf8 24. Bf4 Qe7 25. Ng6 Qxe6 26. Bxc7+ Kc8 27. Bxd8+ Kxd8 28. Nxf8 Qf7 29. f3 Nd6 30. Nc5 Qxf8 31. Nxb7+ Nxb7 32. Qc8+ Ke7 33. Qxb7+ Ke8 34. Rc8# 1-0

[Event "Scarborough CC Spring Into Summer U1700"]
[Site "Toronto"]
[Date "2011.05.12"]
[Round "2"]
[White "Liang, Phillip"]
[Black "Philip, Andrew"]
[Result "0-1"]
[WhiteElo "1284"]
[BlackElo "1596"]
[PlyCount "120"]
[EventDate "2011.04.28"]
[EventType "swiss"]
[EventRounds "9"]
[EventCountry "CAN"]
[SourceTitle "EXT 2022"]
[Source "ChessBase"]
[SourceDate "2021.10.06"]
[SourceVersion "1"]
[SourceVersionDate "2021.10.06"]
[SourceQuality "1"]

1. e4 d5 2. exd5 Qxd5 3. Nc3 Qd6 4. d4 Nf6 5. Nf3 c6 6. Bc4 Bg4 7. Be3 e6 8. h3 Bxf3 9. Qxf3 Nbd7 10. 0-0-0 Nb6 11. Bf4 Qd7 12. Bb3 Bd6 13. Be5 Qe7 14. Qg3 Bxe5 15. dxe5 Nh5 16. Qg4 g6 17. h4 Nd5 18. Ne4 0-0-0 19. Bxd5 cxd5 20. Nd6+ Kb8 21. Rd3 Ng7 22. Rhh3 Rd7 23. Rb3 Rxd6 24. exd6 Qxd6 25. Qd4 e5 26. Qb4 Qa6 27. Rhd3 Nf5 28. Rxd5 Nd4 29. Rd3 Rc8 30. Rc5 Nc6 31. Qd2 Qxa2 32. Ra3 Qe6 33. Rd5 Nd4 34. Qa5 Nc6 35. Qc5 b6 36. Qd6+ Qxd6 37. Rxd6 Nd4 38. Rc3 Ne2+ 39. Kd2 Nxc3 40. bxc3 Rc7 41. Kd3 Kc8 42. Rf6 Kd8 43. g4 Ke7 44. Rf3 a5 45. Re3 Kd6 46. c4 a4 47. Re1 a3 48. Ra1 Ra7 49. Ra2 f5 50. gxf5 gxf5 51. Kc3 Kc5 52. Kb3 e4 53. Rxa3 Rxa3+ 54. Kxa3 f4 55. Kb2 Kd4 56. Kc1 e3 57. Kd1 Kxc4 58. fxe3 fxe3 59. Ke2 Kc3 60. h5 b5 0-1